Literature - British | 4 | 8 | 0 | 0 | 140 | 58 | 86.83 | 0 | 0 |
Literature - American | 1 | 10 | 0 | 0 | 115 | 47 | 80.36 | 0 | 0 |
Literature - World and Miscellaneous | 5 | 4 | 0 | 0 | 115 | 57 | 74.00 | 0 | 0 |
Literature - European | 2 | 7 | 0 | 0 | 100 | 22 | 77.78 | 0 | 1 |
RMP - Philosophy | 0 | 4 | 0 | 0 | 40 | 99 | 104.75 | 0 | 0 |
Fine Arts - Music | 0 | 3 | 0 | 0 | 30 | 72 | 95.33 | 0 | 0 |
History - World | 1 | 1 | 0 | 0 | 25 | 19 | 53.50 | 0 | 0 |
History - American | 0 | 2 | 0 | 0 | 20 | 112 | 115.50 | 0 | 0 |
Fine Arts - Painting | 0 | 2 | 0 | 0 | 20 | 93 | 99.50 | 0 | 0 |
Other - Other Academic and General Knowledge | 0 | 2 | 0 | 0 | 20 | 94 | 98.00 | 0 | 0 |
RMP - Hinduism | 1 | 0 | 0 | 0 | 15 | 26 | 26.00 | 0 | 1 |
Current Events - World | 0 | 1 | 0 | 0 | 10 | 73 | 73.00 | 0 | 0 |
RMP - Buddhism | 0 | 1 | 0 | 0 | 10 | 111 | 111.00 | 0 | 0 |
Science - Physics | 0 | 1 | 0 | 0 | 10 | 112 | 112.00 | 0 | 0 |
Social Science - Linguistics | 0 | 1 | 0 | 0 | 10 | 81 | 81.00 | 0 | 0 |
RMP - World Mythology | 0 | 1 | 0 | 0 | 10 | 135 | 135.00 | 0 | 0 |
Science - Astronomy | 0 | 1 | 0 | 0 | 10 | 78 | 78.00 | 0 | 0 |
Science - Chemistry | 0 | 1 | 0 | 0 | 10 | 93 | 93.00 | 0 | 0 |
RMP - Greco-Roman Mythology | 0 | 0 | 0 | 0 | 0 | | 0.00 | 0 | 0 |
Social Science - Other | 0 | 0 | 0 | 0 | 0 | | 0.00 | 0 | 0 |